The 20 Most Populated World Capitals - Map Quiz - Statistics

General Stats
  • This quiz has been taken 45 times
  • The average score is 9 of 20
Answers on the Map
Answers color-coded by a green-red scale on the quiz's map according to % correct below.
 
Answer Stats
Answer % Correct
Tokyo
100%
Jakarta
97%
New Delhi
93%
Manila
90%
Seoul
87%
Mexico City
80%
Cairo
73%
Beijing
57%
Dhaka
50%
Bangkok
33%
Moscow
23%
Buenos Aires
20%
Bogota
7%
Kinshasa
7%
Kuala Lumpur
7%
Lima
7%
London
7%
Paris
7%
Taipei
7%
Tehran
7%
No matching quizzes found
Score Distribution
Percent of People with Each Score
Percentile by Number Answered
Your Score History
You have not taken this quiz